Every Samoa Joe WWE PPV Opponents - Statistics

General Stats
  • This quiz has been taken 107 times
  • The average score is 48 of 61
Answer Stats
Event Wrestler % Correct
Great Balls of Fire Brock Lesnar
96%
SummerSlam 2017 Brock Lesnar
96%
Extreme Rules 2017 Roman Reigns
96%
SummerSlam 2017 Roman Reigns
96%
Backlash 2018 Roman Reigns
96%
Payback 2017 Seth Rollins
94%
Extreme Rules 2017 Seth Rollins
94%
Greatest Royal Rumble Seth Rollins
94%
Royal Rumble 2020 Seth Rollins
94%
SummerSlam 2017 Braun Strowman
91%
Money in the Bank 2018 Braun Strowman
91%
Survivor Series 2018 Braun Strowman
91%
Takeover: London Finn Balor
91%
Takeover: Dallas Finn Balor
91%
Takeover: The End Finn Balor
91%
Extreme Rules 2017 Finn Balor
91%
Greatest Royal Rumble Finn Balor
91%
Money in the Bank 2018 Finn Balor
91%
Survivor Series 2018 Finn Balor
91%
Money in the Bank 2018 Kevin Owens
91%
SummerSlam 2018 AJ Styles
90%
Hell in a Cell 2018 AJ Styles
90%
Super ShowDown 2018 AJ Styles
90%
Crown Jewel 2018 AJ Styles
90%
Elimination Chamber 2019 AJ Styles
90%
Fastlane 2017 Sami Zayn
90%
Takeover: Brooklyn 2 Shinsuke Nakamura
89%
Takeover: Toronto Shinsuke Nakamura
89%
Survivor Series 2017 Shinsuke Nakamura
89%
Extreme Rules 2017 Bray Wyatt
84%
Survivor Series 2017 Randy Orton
84%
Elimination Chamber 2019 Randy Orton
84%
Fastlane 2019 Rey Mysterio
81%
WrestleMania 35 Rey Mysterio
81%
Money in the Bank 2019 Rey Mysterio
81%
Elimination Chamber 2019 Daniel Bryan
78%
Greatest Royal Rumble The Miz
78%
Money in the Bank 2018 The Miz
78%
Survivor Series 2018 Drew McIntyre
77%
Survivor Series 2017 Bobby Roode
76%
Money in the Bank 2018 Bobby Roode
76%
Survivor Series 2017 John Cena
75%
Money in the Bank 2018 Kofi Kingston
73%
Elimination Chamber 2019 Kofi Kingston
73%
Takeover: Brooklyn Baron Corbin
71%
Takeover: Respect Baron Corbin
71%
Survivor Series 2018 Dolph Ziggler
71%
Elimination Chamber 2019 Jeff Hardy
68%
Super ShowDown 2019 Ricochet
68%
Stomping Grounds Ricochet
68%
Survivor Series 2017 Shane McMahon
67%
Survivor Series 2018 Bobby Lashley
66%
TakeOver: 36 Karrion Kross
63%
Fastlane 2019 Andrade
57%
Super ShowDown 2019 Ali
56%
Royal Rumble 2019 Mustafa Ali
56%
Fastlane 2019 R-Truth
51%
Money in the Bank 2018 Rusev
51%
Takeover: Respect Rhyno
28%
Takeover: Respect Dash Wilder
24%
Takeover: Respect Scott Dawson
24%
No matching quizzes found
Score Distribution
Percent of People with Each Score
Percentile by Number Answered
Your Score History
You have not taken this quiz